Studienbuch Linguistik
Saved in:
| Main Author: | |
|---|---|
| Other Authors: | , |
| Format: | Book |
| Language: | German |
| Published: |
Tübingen
Max Niemeyer Verlag
2004
|
| Edition: | 5. erweiterte Auflage |
| Series: | Reihe Germanistische Linguistik
121 Kollegbuch |
| Subjects: | |
| Tags: |
No Tags, Be the first to tag this record!
|
MARC
| LEADER | 00000nam a2200000 4500 | ||
|---|---|---|---|
| 001 | 0278774 | ||
| 005 | 20240226134329.5 | ||
| 020 | |a 978-3-484-31121-3 | ||
| 022 | |a 0344-6778 | ||
| 041 | 0 | |a ger | |
| 044 | |a DE | ||
| 245 | 1 | 0 | |a Studienbuch Linguistik |c Angelika Linke, Markus Nussbaumer, Paul R. Portmann |
| 250 | |a 5. erweiterte Auflage | ||
| 264 | 1 | |a Tübingen |b Max Niemeyer Verlag |c 2004 | |
| 300 | |a 535 s. | ||
| 490 | 1 | |a Reihe Germanistische Linguistik |v 121 Kollegbuch | |
| 830 | 0 | |a Reihe Germanistische Linguistik |v 121 Kollegbuch | |
| 610 | 2 | 0 | |a jazykoveda |
| 610 | 2 | 0 | |a jazyky cudzie |
| 610 | 2 | 0 | |a fonetika |
| 610 | 2 | 0 | |a sémantika |
| 610 | 2 | 0 | |a gramatika |
| 610 | 2 | 0 | |a lexikológia |
| 100 | 1 | |a Linke, Angelika | |
| 700 | 1 | |a Nussbaumer, Markus | |
| 700 | 1 | |a Portmann, Paul R. | |